A Jogász Szövetség küldöttközgyűlése. Tisztségviselők megválasztása. A szövetség elnöke dr. Antalffy György

Elmentve itt :
Bibliográfiai részletek
Dokumentumtípus: Cikk
Megjelent: 1971-12-18
Sorozat:Délmagyarország 61 No. 298
Kulcsszavak:tudományos közéleti tevékenység
Online Access:http://dmarchiv.bibl.u-szeged.hu/88261
LEADER 00518nab a2200145 i 4500
001 delm88261
005 20190619110559.0
008 190320s1971 hu o 0|| hun d
040 |a SZTE Délmagyarország Archívum  |b hun 
041 |a hun 
245 0 2 |a A Jogász Szövetség küldöttközgyűlése. Tisztségviselők megválasztása. A szövetség elnöke  |h [elektronikus dokumentum] :  |b dr. Antalffy György 
260 |c 1971-12-18 
300 |a 1 
490 0 |a Délmagyarország  |v 61 No. 298 
695 |a tudományos közéleti tevékenység